Religion Quiz

Random Religion or Bible Quiz

Books of the Bible (Redux) Quiz Stats

 Plays Quiz Updated Oct 9, 2015

Support Sporcle.
Go Orange.
Score 0/66 Timer 04:00
39 Plays Today
% Correct
???
41.9%
???
40.4%
???
40.1%
???
39.6%
???
39.3%
???
38.1%
???
37.9%
???
37.7%
???
37.7%
???
37.5%
???
37.4%
???
37.4%
???
36.7%
???
36.7%
???
36.5%
???
36.5%
???
36.5%
???
36%
???
35.6%
???
35.5%
???
35.4%
???
35.3%
???
35%
???
35%
???
34.9%
???
34.6%
???
34.4%
???
34%
???
33.3%
???
33.2%
???
33%
???
32.7%
???
32.4%
% Correct
???
32.4%
???
32.4%
???
31.7%
???
31.6%
???
31.5%
???
31.4%
???
31.4%
???
31.1%
???
30.9%
???
30.1%
???
29.9%
???
28.8%
???
28.1%
???
27.8%
???
27.5%
???
27%
???
27%
???
26.8%
???
26.8%
???
26.7%
???
26.4%
???
26.3%
???
26.2%
???
25.9%
???
25.2%
???
25%
???
24.1%
???
23.2%
???
22.5%
???
22%
???
21.8%
???
20.1%
???
19.8%

From the Vault

Hidden Neighbors of North Carolina

by smac17

Geography 60s
We're confused about where a state would even hide.
Remove Ads.
Support Sporcle.
Get the best of Sporcle when you Go Orange. This ad-free experience offers more features, more stats, and more fun while also helping to support Sporcle. Thank you for becoming a member.

Show Comments

Extras

Top Quizzes Today


Score Distribution

Your Account Isn't Verified!

In order to create a playlist on Sporcle, you need to verify the email address you used during registration. Go to your Sporcle Settings to finish the process.

Report this User

Report this user for behavior that violates our Community Guidelines.

Details: